000 00561nam a2200193Ia 4500
008 151119s9999||||xx |||||||||||||| ||und||
082 _a301.4
082 _bGKKV15703
100 _aदेसाई जयश्री
245 _aअयोध्या आंदोलन
260 _a--
260 _b--
260 _c0
600 _aदेसाई जयश्री
630 _aअयोध्या आंदोलन
700 _aदेसाई जयश्री
730 _aअयोध्या आंदोलन
942 _cBOOK
999 _c1069056
_d1069053